1892 1033 1473 1500 1862 1075 1555 1728 1814 1819 1625 1740 1164 1958 1916 1105 1032 1855 1948 1288 1298 1820 1580 1032 1366 1124 1533 1578 1977 1007 1714 1701 1250 1252 1910 1006 1904 1060 1374 1878 1945 1730 1867 1173 1843 1736 1293 1303 1992 1742 1095 1107 1574 1483 1260 1688 1362 1681 1726 1071 1035 1126 1242 1873 1986 1134 1362 1080 1409 1885 1924 1874 1991 1514 1409 1285 1391 1774 1841 1868 1260 1908 1243 1559 1551 1321 1016 1760 1750 1723 1859 1603 1419 1884 1023 1086 1754 1906 1981 BCNSPRNW ULIB Ver.6.0+V

เปลี่ยนเป็นภาษาไทย

Change to English
 แสดงรายละเอียดบรรณานุกรม
  กลับหน้าหลัก

Brief Record : Get Marc (ISO 2709) : E-mail record : QR code < ปิดหน้าต่าง
LEADER : 00000nam a2200000 a 4500
001    13399128710
003     ULIB
008    220503s2564 th a 001 0 tha d
020    ^a9789740339939
040    ^abrv
050  4 ^aHM251^bช647จ
100 0  ^aชูชัย สมิทธิไกร
245 10 ^aจิตวิทยาสังคม =^bSocial psychology /^cชูชัย สมิทธิไกร
246 31 ^aSocial psychology
250    ^aพิมพ์ครั้งที่ 2
260    ^aกรุงเทพฯ :^bสำนักพิมพ์จุฬาลงกรณ์มหาวิทยาลัย,^c2564
300    ^a311 หน้า :^bภาพประกอบ ;^c26 ซม.
504    ^aมีบรรณานุกรมและดัชนี
650  4 ^aจิตวิทยาสังคม
650  4 ^aทัศนคติ
910    ^aUC-Add Symbol
945    ^p340^l0^i30145
945    ^p340^l0^i30146
999    ^aกัณชพร
รายการนี้ยังไม่มีแท็ก
คุณยังไม่ได้ล็อกอิน คุณสามารถมีกิจกรรมร่วมกับเว็บไซต์ได้ แต่ต้องล็อกอินก่อน ::
  ล็อกอิน

รายการสื่อสารสนเทศ

ลำดับที่ ประเภท เลขเรียก/บาร์โค้ด สถานที่ สถานะ
1. วิทยาศาสตร์การแพทย์ และสุขภาพ
วิทยาศาสตร์การแพทย์ และสุขภาพ
HM251 ช647จ ฉ.1 
  Barcode: 30145
ห้องสมุดวิทยาเขตนครสวรรค์
►หนังสือทั่วไป:l:General Books
บนชั้น
2. วิทยาศาสตร์การแพทย์ และสุขภาพ
วิทยาศาสตร์การแพทย์ และสุขภาพ
HM251 ช647จ ฉ.2 
  Barcode: 30146
ห้องสมุดวิทยาเขตนครสวรรค์
►หนังสือทั่วไป:l:General Books
บนชั้น

รายการใกล้เคียง
    ผู้แต่ง [ชูชัย สมิทธิไกร]

    หัวเรื่อง [จิตวิทยาสังคม]
    หัวเรื่อง [ทัศนคติ]

BibComment


ยังไม่เคยถูกคอมเมนท์

คอมเมนท์ทรัพยากรรายการนี้
  คอมเมนท์: จิตวิทยาสังคม S..


 Copyright 2026. Bcnsprnw @Library